Holiday Quiz

Random Holiday Quiz

The Hottest Peppers Quiz Stats

Quiz not verified by Sporcle

Challenge
Share
Tweet
Embed
Score 0/10 Timer 05:00
0 Plays Today
SCU Pepper % Correct
350,000 SCUHabanero
86.7%
1,000,000 SCUGhost
66.7%
100,000 SCUCayenne
20%
577,000 SCURed Savina
4.4%
100,000 SCUThai pepper
4.4%
970,000 SCUDorset Naga
2.2%
350,000SCUTam o'shanter
2.2%
100,000 SCUMalagueta
2.2%
100,000 SCUChiltepin
2.2%
200,000 SCUJamaican Hot pepper
2.2%

You're not logged in!

Compare scores with friends on all Sporcle quizzes.
Sign Up with Email
OR
Log In

You Might Also Like...

Show Comments

Extras

Top Quizzes Today


Score Distribution

Your Account Isn't Verified!

In order to create a playlist on Sporcle, you need to verify the email address you used during registration. Go to your Sporcle Settings to finish the process.